| 000 | 00707nam a2200217 a 4500 | ||
|---|---|---|---|
| 005 | 20220903181120.0 | ||
| 008 | 030509s2002 mx r 000 0 spa d | ||
| 020 | _a9681910869 | ||
| 035 | _aUPN01000124012 | ||
| 049 | _aCG | ||
| 050 | 4 |
_aBM526 _bC3.28 |
|
| 100 | 1 | _aBerg, Michael | |
| 245 | 1 | 3 |
_aEl camino de la Cábala : _bsabiduría milenaria para la transformación espiritual y la plenitud / _cMichael Berg. |
| 260 |
_aMéxico : _bAlamah, _c2002. |
||
| 300 | _a274 p. | ||
| 534 |
_pTraducción de: _tThe way. Using the Wisdom of Kabbalah for spiritual transformation and fulfillment. |
||
| 650 | 4 |
_aCABALA _95240 |
|
| 650 | 4 |
_aVIDA ESPIRITUAL _95893 |
|
| 650 | 0 |
_aJudaísmo _912073 |
|
| 905 | _aLibro | ||
| 999 |
_c96191 _d96191 |
||